Представление документа в формате MARC21

Поле Инд. ПП Название Значение
Тип записи a
Библиографический уровень m
001 Контрольный номер a2da6e58-e422-4e44-bc3c-2007706135d9
005 Дата корректировки 20141114154333.2
008 Кодируемые данные 030610
020 a ISBN 5-94654-008-4
040 a Служба первич. каталог. НБ ТвГУ
041 a Код языка текста rus
080 a Индекс УДК 338.24(075.8)
084 a Индекс другой классификации/Индекс ББК У050.2я731-1
a Индекс другой классификации/Индекс ББК У529-21я731-1
a Индекс другой классификации/Индекс ББК С8я731-1
090 a Полочн. индекс У050.2
x Авторский знак Л29
100 1_ a Автор Лафта Джавад Кадем
q Полное имя Лафта Д. К.
245 10 a Заглавие Менеджмент
b Продолж. заглавия учебник
260 0_ a Место издания Москва
b Издательство КноРус
c Дата издания 2002
300 a Объем 260 с.
b Иллюстрации/ тип воспроизводства табл.
504 a Библиография Библиогр.: с.259-260
583 a Действие Получение впервые 295 13.07.2004
k Исполнитель действия Дар Лафта Д.К.
583 a Действие Приписка 298 15.07.2004
k Исполнитель действия Дар Кудинова А. Н.
583 a Действие Приписка 21 02.03.2009
k Исполнитель действия Взамен утраченных
650 a Основная рубрика Менеджмент
x Основная подрубрика Учебники для вузов
650 a Основная рубрика Организации
x Основная подрубрика Теория
x Основная подрубрика Управление
650 a Основная рубрика Предприятия см. также Фирмы
x Основная подрубрика Планирование
x Основная подрубрика Управление стратегическое
653 a Ключевые слова Менеджмент
a Ключевые слова Организации
a Ключевые слова Планирование
a Ключевые слова Предприятия
a Ключевые слова Управление организацией
a Ключевые слова Управление предприятием
852 t Порядковый номер экземпляра 2
p Инвентарный номер 787379 45.00
p Инвентарный номер 925978 120.00
852 t Порядковый номер экземпляра 1
p Инвентарный номер 787461 45.00
863 t 00024047
863 t 00185344
888 a Бесплатные
930 a Новая/Ретро учебники
952 p 295.2004 45.00 1 787379
p 298.2004 45.00 1 787461
p 21.2009 120.00 1 925978
c Вид литературы К ру
954 a Дата поступления на обработку 20030616
999 a Подразделение 2 Каб.УиС
a Подразделение 2 Фил1
a Подразделение 2 ч.з.